LIBRARY & INFORMATION CENTRE, KCAET, TAVANUR

ONLINE PUBLIC ACCESS CATALOGUE (OPAC)

Engineering drawing and graphics (Record no. 15519)

MARC details
000 -LEADER
fixed length control field 00376nam a22001577a 4500
003 - CONTROL NUMBER IDENTIFIER
control field OSt
008 - FIXED-LENGTH DATA ELEMENTS--GENERAL INFORMATION
fixed length control field 180831b ||||| |||| 00| 0 eng d
020 ## - INTERNATIONAL STANDARD BOOK NUMBER
ISBN 8122406823
082 ## - DEWEY DECIMAL CLASSIFICATION NUMBER
Classification number 604.2
Item number VEN/EN
100 ## - MAIN ENTRY--AUTHOR NAME
Personal name Venugopal, K
245 ## - TITLE STATEMENT
Title Engineering drawing and graphics
250 ## - EDITION STATEMENT
Edition statement 2
260 ## - PUBLICATION, DISTRIBUTION, ETC. (IMPRINT)
Place of publication New Delhi
Name of publisher New age international
Year of publication 1996
300 ## - PHYSICAL DESCRIPTION
Number of Pages 54
942 ## - ADDED ENTRY ELEMENTS (KOHA)
Koha item type Books
Holdings
Withdrawn status Lost status Damaged status Home library Current library Shelving location Date acquired Full call number Accession Number Koha item type
      KAUAET KAUAET Scheme 31/08/2018 604.2 VEN/EN 19180 Books
      KAUAET KAUAET Scheme 31/08/2018 604.2 VEN/EN 19181 Books
free website counter